00220nam a22000977a 4500082001200000100001600012245001100028260004900039300000800088650002600096 a928 AMI aAMIN, AHMED aHAYATI aBAiroot, LibnanbDarul Kitab Alarabi'ac1969 a303 aBiography-Ahmed Ameen